Medicinal and aromatic plants of Himachal Pradesh / (Record no. 19189)
[ view plain ]
| 000 -LEADER | |
|---|---|
| fixed length control field | 00499cam a2200169 a 4500 |
| 020 ## - INTERNATIONAL STANDARD BOOK NUMBER | |
| ISBN | 8173870985 |
| 040 ## - CATALOGING SOURCE | |
| Transcribing agency | DLC |
| 082 00 - DEWEY DECIMAL CLASSIFICATION NUMBER | |
| Classification number | 633 IND 1999 C163 Or. |
| 100 1# - MAIN ENTRY--AUTHOR NAME | |
| Personal name | Chauhan, Narain Singh, |
| 245 10 - TITLE STATEMENT | |
| Title | Medicinal and aromatic plants of Himachal Pradesh / |
| 260 ## - PUBLICATION, DISTRIBUTION, ETC. (IMPRINT) | |
| Place of publication | New Delhi : |
| Name of publisher | Indus Pub. Co., |
| Year of publication | c1999. |
| 300 ## - PHYSICAL DESCRIPTION | |
| Number of Pages | 632 p., [48] p. of plates : |
| Other physical details | ill. (some col.) ; |
| Dimensions | 22 cm. |
| 650 #0 - SUBJECT ADDED ENTRY--TOPICAL TERM | |
| Topical Term | Medicinal plants |
| 650 #0 - SUBJECT ADDED ENTRY--TOPICAL TERM | |
| Topical Term | Aromatic plants |
| 650 #0 - SUBJECT ADDED ENTRY--TOPICAL TERM | |
| Topical Term | Materia medica, Vegetable |
| 942 ## - ADDED ENTRY ELEMENTS (KOHA) | |
| Koha item type | សៀវភៅភាសាអង់គ្លេស |
| 952 ## - LOCATION AND ITEM INFORMATION (KOHA) | |
| Withdrawn status [LOCAL, KOHA] | 0 |
| Permanent Location | Date acquired | Koha item type | Lost status | Shelving location | Barcode | Current Location | Full call number |
|---|---|---|---|---|---|---|---|
| Library Block C | 2020-05-12 | សៀវភៅភាសាអង់គ្លេស | C163 | A38534 | Library Block C | 633 IND 1999 C163 Or. |